Score 0/48 Timer 08:00
3 Plays Today
number celebrity/character % Correct
33.Batman
95.5%
21.Shrek
94.5%
28.SpongeBob SquarePants
94.3%
22.Mario
94.2%
41.Mickey Mouse
93.9%
1.Frankenstein's Monster
92.9%
16.Sonic the Hedgehog
88.8%
18.Waldo
85.2%
15.Bob Marley
84.3%
44.Darth Vader
84.2%
42.Adolf Hitler
83.8%
5.Abraham Lincoln
83.7%
30.Jesus Christ
81.7%
38.Mr.T
81.3%
11.Sherlock Holmes
80%
26.Michael Jackson
77.9%
4.Harry Potter
77%
24.William Shakespeare
76.2%
14.Alien
73.4%
2.Eric Cartman
72.2%
31.Mr. Spock
71.8%
19.Albert Einstein
68.3%
32.Hulk Hogan
68%
27.Charlie Chaplin
65.3%
number celebrity/character % Correct
8.King Tutankhamun
64.7%
46.Zorro
61%
37.Gene Simmons
58%
39.Ash Ketchum
57.5%
36.Optimus Prime
56%
25.Gollum
54.9%
29.Predator
53.7%
10.Slash
52.7%
40.Fidel Castro
43.1%
6.Napoleon Dynamite
41.8%
13.David Bowie
40.8%
45.Mao Zedong
39.7%
35.The Terminator
35.8%
9.Borat Sagdiyev
35.7%
17.Colonel Sanders
35.7%
20.Stay Puft Marshmallow Man
32.2%
34.John Lennon
31.5%
43.Jack Skellington
30.7%
48.Jimi Hendrix
27.3%
7.Elvis Presley
27.1%
3.Charles Darwin
19.8%
47.Winston Churchill
17%
12.Barack Obama
14.5%
23.Mahatma Gandhi
14.5%
Remove Ads.
Support Sporcle.
Get the best of Sporcle when you Go Orange. This ad-free experience offers more features, more stats, and more fun while also helping to support Sporcle. Thank you for becoming a member.

You're not logged in!

Compare scores with friends on all Sporcle quizzes.
OR
Log In

Show Comments

Extras

Top Quizzes Today


Score Distribution

Your Account Isn't Verified!

In order to create a playlist on Sporcle, you need to verify the email address you used during registration. Go to your Sporcle Settings to finish the process.

Report this User

Report this user for behavior that violates our Community Guidelines.

Details: